[Event "Skakligaen 2025-26"]
[Site "Denmark"]
[Date "2025.11.23"]
[Round "3.7"]
[White "Henriksen, Kasper"]
[Black "Andries, Alf"]
[Result "0-1"]
[WhiteElo "2116"]
[BlackElo "2113"]
[EventDate "2025.11.01"]
[EventType "team-tourn"]
[EventRounds "9"]
[EventCountry "DEN"]
[SourceTitle "Holdskaksystemet"]
[WhiteTeam "Koge"]
[BlackTeam "Frem"]
[WhiteTeamCountry "DEN"]
[BlackTeamCountry "DEN"]

1. d4 Nf6 2. c4 e6 3. Nc3 Bb4 4. e3 O-O 5. Nge2 c6 6. a3 Ba5 7. b4 Bc7 8. d5 d6 9. Ng3 a5 10. Rb1 exd5 11. cxd5 axb4 12. axb4 Nbd7 13. Be2 c5 14. Nb5 cxb4 15. O-O Nc5 16. Nxc7 Qxc7 17. Rxb4 Bd7 18. Bb2 Ra4 19. Rxa4 Bxa4 20. Qd4 Bb3 21. Rc1 Qd7 22. e4 Ba4 23. Re1 Re8 24. f3 Bb5 25. Nf5 Bxe2 26. Nxg7 Re5 27. Rxe2 Qb5 28. Re3 Nxd5 29. exd5 Rxe3 30. Qxe3 Qxb2 31. Qg5 h6 32. Qxh6 Qxg7 33. Qxd6 Qd4+ 34. Kf1 Qd1+ 35. Kf2 Qd2+ 36. Kg3 Qg5+ 37. Kf2 Nd3+ 38. Ke2 Nf4+ 39. Kf2 Qxg2+ 40. Ke3 Qe2+ 41. Kd4 0-1

[Event "Skakligaen 2025-26"]
[Site "Denmark"]
[Date "2025.11.23"]
[Round "3.8"]
[White "Ostergreen Johansen, Benjamin"]
[Black "Li, Anna Sofie"]
[Result "0-1"]
[WhiteElo "2059"]
[BlackElo "2024"]
[EventDate "2025.11.01"]
[EventType "team-tourn"]
[EventRounds "9"]
[EventCountry "DEN"]
[SourceTitle "Holdskaksystemet"]
[WhiteTeam "Frem"]
[BlackTeam "Koge"]
[WhiteTeamCountry "DEN"]
[BlackTeamCountry "DEN"]

1. e4 e5 2. Nf3 Nc6 3. Nc3 Nf6 4. Bb5 a6 5. Bxc6 dxc6 6. Nxe5 Nxe4 7. Nxe4 Qd4 8. O-O Qxe5 9. d4 Qd5 10. Re1 Be6 11. Bg5 Bd6 12. b3 Bb4 13. Re3 O-O 14. Bf6 Bf5 15. f3 Rfe8 16. Be5 c5 17. c4 Qc6 18. d5 Qh6 19. f4 Rxe5 20. Ng3 Rxe3 21. Nxf5 Qxf4 22. Nxe3 Qxe3+ 23. Kh1 Re8 0-1

[Event "Skakligaen 2025-26"]
[Site "Denmark"]
[Date "2025.11.23"]
[Round "3.1"]
[White "Liu, Casper Yukun"]
[Black "Hillarp Persson, Tiger"]
[Result "1-0"]
[WhiteElo "2337"]
[BlackElo "2434"]
[EventDate "2025.11.01"]
[EventType "team-tourn"]
[EventRounds "9"]
[EventCountry "DEN"]
[SourceTitle "Holdskaksystemet"]
[WhiteTeam "BMS"]
[BlackTeam "Bronshoj"]
[WhiteTeamCountry "DEN"]
[BlackTeamCountry "DEN"]

1. e4 c5 2. Nf3 Nc6 3. Bb5 e6 4. O-O Nge7 5. Re1 a6 6. Bf1 d5 7. exd5 Nxd5 8. d4 Nf6 9. Be3 h6 10. c4 Ng4 11. d5 Nxe3 12. Rxe3 Ne7 13. Bd3 g5 14. Nc3 Bg7 15. Ne5 O-O 16. Qh5 Qd6 17. Rae1 exd5 18. cxd5 b5 19. h4 c4 20. Bb1 Bf5 21. Nc6 Nxc6 22. Bxf5 Nd4 23. Bb1 Qf4 24. Re4 Qd2 25. hxg5 Qxg5 26. Qh3 f5 27. Re7 Rad8 28. R1e3 f4 29. R3e6 Bf6 30. Ne4 Bxe7 31. Nxg5 Bxg5 32. Rg6+ Kf7 33. Qh5 Ke7 34. Be4 f3 35. Qh2 Rf4 36. gxf3 c3 37. bxc3 Ne2+ 38. Kf1 Nxc3 39. Qh3 Rd6 40. Re6+ Kd7 41. Rxh6+ 1-0

[Event "Skakligaen 2025-26"]
[Site "Denmark"]
[Date "2025.11.23"]
[Round "3.2"]
[White "Ahlander, Bjorn"]
[Black "Kistrup, Nicolai"]
[Result "1/2-1/2"]
[WhiteElo "2380"]
[BlackElo "2365"]
[EventDate "2025.11.01"]
[EventType "team-tourn"]
[EventRounds "9"]
[EventCountry "DEN"]
[SourceTitle "Holdskaksystemet"]
[WhiteTeam "Bronshoj"]
[BlackTeam "BMS"]
[WhiteTeamCountry "DEN"]
[BlackTeamCountry "DEN"]

1. c4 e5 2. Nc3 Nf6 3. Nf3 Nc6 4. g3 d5 5. cxd5 Nxd5 6. Bg2 Nb6 7. O-O Be7 8. b3 O-O 9. Bb2 Bg4 10. Rc1 Qd7 11. Ne4 Bh3 12. Bxh3 Qxh3 13. Rxc6 bxc6 14. Nxe5 f5 15. Nxc6 fxe4 16. Nxe7+ Kh8 17. Qc2 Rae8 18. Nc6 Nd5 19. Ne5 e3 20. f4 Rd8 21. Rf3 exd2 22. Nd3 Nf6 23. Bxf6 gxf6 24. Qxd2 Rfe8 25. Qc3 Qf5 26. Kf2 Re7 27. Re3 Rde8 28. Rxe7 Rxe7 29. Qd4 Kg7 30. Ne1 Qe6 31. Qd2 Qb6+ 32. Kf1 Qc6 33. Nf3 Qe4 34. Kf2 a5 35. g4 a4 36. Nh4 Kf8 37. Nf5 Re8 38. bxa4 Qh1 39. Qb4+ Kg8 40. Qb3+ Kh8 41. Qg3 Qe4 42. Qf3 Qxa4 43. Kg3 Qxa2 44. Qc6 Qf7 45. e3 h5 46. h3 Re6 47. Qc5 Kh7 48. Qc2 Kh8 49. Qc5 Kh7 50. Qc2 Kh8 51. Qc5 1/2-1/2

[Event "Skakligaen 2025-26"]
[Site "Denmark"]
[Date "2025.11.23"]
[Round "3.3"]
[White "Jalving, August"]
[Black "Falkesgaard, Jeppe Hald"]
[Result "0-1"]
[WhiteElo "2276"]
[BlackElo "2252"]
[EventDate "2025.11.01"]
[EventType "team-tourn"]
[EventRounds "9"]
[EventCountry "DEN"]
[SourceTitle "Holdskaksystemet"]
[WhiteTeam "BMS"]
[BlackTeam "Bronshoj"]
[WhiteTeamCountry "DEN"]
[BlackTeamCountry "DEN"]

1. e4 c5 2. Nf3 Nc6 3. d4 cxd4 4. Nxd4 g6 5. c4 Nf6 6. Nc3 d6 7. Nc2 Bg7 8. Be2 Nd7 9. O-O O-O 10. Be3 Bxc3 11. bxc3 Nc5 12. f3 Na4 13. Qe1 Qa5 14. Bd2 Be6 15. f4 Nb6 16. Ne3 Qc5 17. Qf2 Na5 18. Nd5 Naxc4 19. Nxe7+ Kg7 20. Bxc4 Nxc4 21. Qxc5 dxc5 22. Be1 Rfe8 23. f5 f6 24. Nxg6 hxg6 25. fxe6 Rxe6 26. Rd1 Rae8 27. Bf2 b6 28. Rfe1 Kf7 29. Rd7+ R8e7 30. Rd8 Rxe4 31. Red1 Re2 32. Rh8 Ke6 33. a4 Kf5 34. Rf8 g5 35. h3 Rc2 36. Rd3 Re6 37. Rf3+ Kg6 38. h4 Nd2 39. Rd3 Ne4 40. Rf3 Nxf2 41. Rxf2 Re1+ 42. Rf1 Rxf1+ 43. Kxf1 gxh4 44. Ra8 Rxc3 45. Rxa7 Ra3 46. Rb7 Rxa4 47. Rxb6 Ra2 48. Rd6 Rc2 49. Rd5 f5 50. Kg1 c4 51. Kh1 c3 52. Rc5 Kg5 53. Rc4 f4 54. Kh2 f3 55. Kh3 fxg2 56. Rc8 g1=N# 0-1

[Event "Skakligaen 2025-26"]
[Site "Denmark"]
[Date "2025.11.23"]
[Round "3.4"]
[White "Aabling Thomsen, Jakob"]
[Black "Nielsen Refs, Karl Emil Elmer"]
[Result "1-0"]
[WhiteElo "2337"]
[BlackElo "2191"]
[EventDate "2025.11.01"]
[EventType "team-tourn"]
[EventRounds "9"]
[EventCountry "DEN"]
[SourceTitle "Holdskaksystemet"]
[WhiteTeam "Bronshoj"]
[BlackTeam "BMS"]
[WhiteTeamCountry "DEN"]
[BlackTeamCountry "DEN"]

1. e4 c5 2. Nf3 Nc6 3. Nc3 g6 4. h4 Nf6 5. Bc4 Bg7 6. d3 d6 7. h5 gxh5 8. Bf4 e5 9. Bg5 h6 10. Bh4 Bg4 11. Qd2 Ne7 12. O-O-O Ng6 13. Rdg1 a6 14. Bg3 Rb8 15. Nh4 b5 16. Bd5 Qc7 17. f3 Bd7 18. f4 b4 19. Nd1 Nxd5 20. exd5 c4 21. fxe5 Qa5 22. Qe3 Kd8 23. Nxg6 fxg6 24. Bh4+ Kc8 25. e6 Be8 26. dxc4 Qxa2 27. Qb3 Qa1+ 28. Kd2 Ba4 29. Qd3 Be5 30. Rf1 g5 31. Bg3 Bxc2 32. Kxc2 b3+ 33. Kd2 Bxb2 34. Bxd6 Bc1+ 35. Ke2 b2 36. Nc3 Rb3 37. Rf7 b1=Q 38. Rc7+ Kb8 39. Rh7+ Ka8 40. Rxh8+ Ka7 41. Qd4+ Rb6 42. Qg7+ Rb7 43. Bc5+ Qb6 44. Bxb6+ Kxb6 45. Qd4+ Ka5 46. Qc5+ Rb5 47. cxb5 Qb2+ 48. Kf1 Be3 49. Qxe3 1-0

[Event "Skakligaen 2025-26"]
[Site "Denmark"]
[Date "2025.11.23"]
[Round "3.5"]
[White "Jarlskov, Daniel Tuk Hartso"]
[Black "Carstensen, Jacob"]
[Result "1-0"]
[WhiteElo "2183"]
[BlackElo "2304"]
[EventDate "2025.11.01"]
[EventType "team-tourn"]
[EventRounds "9"]
[EventCountry "DEN"]
[SourceTitle "Holdskaksystemet"]
[WhiteTeam "BMS"]
[BlackTeam "Bronshoj"]
[WhiteTeamCountry "DEN"]
[BlackTeamCountry "DEN"]

1. d4 Nf6 2. c4 e6 3. Nf3 d5 4. g3 dxc4 5. Bg2 Nc6 6. O-O Rb8 7. a4 a6 8. e3 b5 9. axb5 axb5 10. b3 cxb3 11. Nbd2 Be7 12. Nxb3 O-O 13. Bd2 Bb7 14. Qe2 Ne4 15. Rfc1 Nxd2 16. Nfxd2 Nb4 17. Bxb7 Rxb7 18. Nc5 Bxc5 19. Rxc5 c6 20. Rb1 Nd5 21. Rxc6 Qa8 22. Qd3 b4 23. Ra6 Qc8 24. Ne4 Rc7 25. Nc5 Rxc5 26. dxc5 Qxc5 27. Rba1 g6 28. R6a5 Qc6 29. Rb5 h5 30. e4 Nf6 31. Rxb4 Ng4 32. Qc4 Qd6 33. Qd4 Qc7 34. Rc4 Qb8 35. Rd1 Qb3 36. Rc3 Qb5 37. Kg2 e5 38. Qd3 Qb6 39. Qc2 Kg7 40. Rc6 Qb4 41. Rb1 Qd4 42. Rc4 Qa7 43. Ra4 Qd7 44. Rd1 Rc8 45. Qb3 Qc6 46. h3 Nf6 47. Qb4 h4 48. g4 Nh7 49. Rd6 Qc2 50. Rd2 Qc6 51. Rd5 Ng5 52. Rxe5 Ne6 53. Ra3 Nf4+ 54. Kh2 Qf6 55. Qe7 Qb6 56. Rf3 Rc2 57. Qxh4 Qb8 58. Qg5 Rc5 59. Rxc5 1-0

[Event "Skakligaen 2025-26"]
[Site "Denmark"]
[Date "2025.11.23"]
[Round "3.6"]
[White "Hoi, Carsten"]
[Black "Wahlgreen, Noah Krug"]
[Result "1/2-1/2"]
[WhiteElo "2282"]
[BlackElo "2102"]
[EventDate "2025.11.01"]
[EventType "team-tourn"]
[EventRounds "9"]
[EventCountry "DEN"]
[SourceTitle "Holdskaksystemet"]
[WhiteTeam "Bronshoj"]
[BlackTeam "BMS"]
[WhiteTeamCountry "DEN"]
[BlackTeamCountry "DEN"]

1. d4 d5 2. Nf3 e6 3. c4 a6 4. Nc3 dxc4 5. e3 c5 6. Bxc4 cxd4 7. exd4 Nf6 8. O-O b5 9. Bb3 Bb7 10. d5 Nxd5 11. Nxd5 Bxd5 12. Bxd5 Qxd5 13. Qxd5 exd5 14. Re1+ Be7 15. Bf4 Nc6 16. Rac1 Nd8 17. Nd4 Ne6 18. Nxe6 fxe6 19. Rxe6 Kf7 20. Re5 Rac8 21. Rce1 Bb4 22. Rd1 Rhd8 1/2-1/2

[Event "Skakligaen 2025-26"]
[Site "Denmark"]
[Date "2025.11.23"]
[Round "3.7"]
[White "Iskos, Lukas"]
[Black "Palm, Nikolaj"]
[Result "1/2-1/2"]
[WhiteElo "2136"]
[BlackElo "2281"]
[EventDate "2025.11.01"]
[EventType "team-tourn"]
[EventRounds "9"]
[EventCountry "DEN"]
[SourceTitle "Holdskaksystemet"]
[WhiteTeam "BMS"]
[BlackTeam "Bronshoj"]
[WhiteTeamCountry "DEN"]
[BlackTeamCountry "DEN"]

1. d4 d5 2. Nf3 e6 3. Bf4 Nf6 4. e3 Bd6 5. Bg3 O-O 6. Bd3 b6 7. Qe2 Bb7 8. Nbd2 Ne4 9. c3 Qe7 10. O-O Nd7 11. Ne5 Nxg3 12. hxg3 Nxe5 13. dxe5 Bxe5 14. Bxh7+ Kxh7 15. Qh5+ Kg8 16. Qxe5 f6 17. Qh5 Qf7 18. Qg4 e5 19. Rfd1 Rad8 20. a4 Rd6 21. a5 Bc8 22. Qb4 Rfd8 23. axb6 axb6 24. Ra8 Be6 25. Rda1 Qf8 26. R8a7 R6d7 27. Qb5 Qd6 28. Rd1 Bg4 29. Rda1 d4 30. Nc4 Qe7 31. exd4 exd4 32. cxd4 Rxd4 33. Ne3 Be6 34. Qxb6 R4d7 35. Qb5 c6 36. Qb6 Bd5 37. Rxd7 Rxd7 38. Ra8+ Kf7 39. Qa6 Qe4 40. Qe2 1/2-1/2

[Event "Skakligaen 2025-26"]
[Site "Denmark"]
[Date "2025.11.23"]
[Round "3.8"]
[White "Andreasen, Henrik"]
[Black "Haubro, Sigfred"]
[Result "1/2-1/2"]
[WhiteElo "2194"]
[BlackElo "2107"]
[EventDate "2025.11.01"]
[EventType "team-tourn"]
[EventRounds "9"]
[EventCountry "DEN"]
[SourceTitle "Holdskaksystemet"]
[WhiteTeam "Bronshoj"]
[BlackTeam "BMS"]
[WhiteTeamCountry "DEN"]
[BlackTeamCountry "DEN"]

1. d4 d5 2. c4 e6 3. Nc3 f5 4. g3 Nf6 5. Bg2 Be7 6. Nh3 O-O 7. O-O c6 8. b3 Qe8 9. Bb2 Nbd7 10. e3 Ne4 11. Ne2 Ndf6 12. f3 Nd6 13. Rc1 Qh5 14. Nf2 Nf7 15. e4 dxe4 16. fxe4 fxe4 17. Nf4 Qh6 18. Nxe4 e5 19. Nxf6+ Bxf6 20. dxe5 Nxe5 21. Qh5 Qxh5 22. Nxh5 Nf3+ 23. Rxf3 Bxb2 24. Rxf8+ Kxf8 25. Rf1+ Kg8 1/2-1/2

[Event "Skakligaen 2025-26"]
[Site "Denmark"]
[Date "2025.11.23"]
[Round "3.1"]
[White "Chatalbashev, Boris"]
[Black "Ochsner, Bjorn Moller"]
[Result "0-1"]
[WhiteElo "2530"]
[BlackElo "2457"]
[EventDate "2025.11.01"]
[EventType "team-tourn"]
[EventRounds "9"]
[EventCountry "DEN"]
[SourceTitle "Uffe Vinther-Schou"]
[WhiteTeam "Fredericia"]
[BlackTeam "Aarhus/Skolerne"]
[WhiteTeamCountry "DEN"]
[BlackTeamCountry "DEN"]

1. d4 Nf6 2. Nf3 d5 3. c4 e6 4. Nc3 Bb4 5. cxd5 exd5 6. Bf4 O-O 7. e3 c5 8. Bd3 cxd4 9. Nxd4 Nc6 10. Nxc6 bxc6 11. O-O Bd6 12. Qf3 Rb8 13. b3 Rb4 14. Bxd6 Qxd6 15. Rac1 Ng4 16. Qg3 Ne5 17. Be2 f5 18. f4 Nd7 19. Na4 Re8 20. Bd3 Nf6 21. Nc5 Ng4 22. Rfe1 Qe7 23. Bb1 Nxe3 24. Nd3 Rb6 25. Ne5 d4 26. Bd3 Ba6 27. Bc4+ Bxc4 28. Nxc4 c5 29. Nxb6 axb6 30. Qf3 Qe4 31. Kf2 Qd3 32. Re2 Re4 33. h3 Qb5 34. g4 Qd7 35. Kg3 g5 36. fxg5 Qc7+ 37. Kh4 h6 38. gxh6 Qe7+ 39. Kg3 Qd6+ 40. Kh4 Qxh6+ 41. Kg3 Qd6+ 42. Kh4 Qe7+ 43. Kg3 fxg4 44. hxg4 Qd6+ 45. Kh4 Qh6+ 46. Kg3 Rxg4+ 47. Qxg4+ Nxg4 48. Rg1 Nf6 0-1

[Event "Skakligaen 2025-26"]
[Site "Denmark"]
[Date "2025.11.23"]
[Round "3.2"]
[White "Rasmussen, Karsten"]
[Black "Kanov, Nikola Krasimirov"]
[Result "1/2-1/2"]
[WhiteElo "2415"]
[BlackElo "2418"]
[EventDate "2025.11.01"]
[EventType "team-tourn"]
[EventRounds "9"]
[EventCountry "DEN"]
[SourceTitle "Uffe Vinther-Schou"]
[WhiteTeam "Aarhus/Skolerne"]
[BlackTeam "Fredericia"]
[WhiteTeamCountry "DEN"]
[BlackTeamCountry "DEN"]

1. Nf3 Nf6 2. c4 e6 3. Nc3 Bb4 4. Qc2 d6 5. g3 O-O 6. Bg2 e5 7. O-O Re8 8. d3 c6 9. a3 Ba5 10. b4 Bc7 11. e4 a5 12. Rb1 Na6 13. h3 h6 14. d4 exd4 15. Nxd4 axb4 16. axb4 Nxb4 17. Rxb4 c5 18. Rb1 cxd4 19. Nb5 Bb6 20. Bb2 Bd7 21. Bxd4 Bxd4 22. Nxd4 Bc6 23. f3 Nd7 24. Qc3 f6 25. Rbd1 Qc7 {Partiet var ca 80 traek langt og kun delvist rekonstrueret fra vanskeligt laeselige noteringslister} 1/2-1/2

[Event "Skakligaen 2025-26"]
[Site "Denmark"]
[Date "2025.11.23"]
[Round "3.3"]
[White "Fries Nielsen, Jens Ove"]
[Black "Skytte, Rasmus"]
[Result "1/2-1/2"]
[WhiteElo "2282"]
[BlackElo "2355"]
[EventDate "2025.11.01"]
[EventType "team-tourn"]
[EventRounds "9"]
[EventCountry "DEN"]
[SourceTitle "Uffe Vinther-Schou"]
[WhiteTeam "Fredericia"]
[BlackTeam "Aarhus/Skolerne"]
[WhiteTeamCountry "DEN"]
[BlackTeamCountry "DEN"]

1. e4 c5 2. Nf3 g6 3. d3 Bg7 4. g3 Nc6 5. Bg2 Nf6 6. O-O O-O 7. c3 d5 8. e5 Ne8 9. d4 Bg4 10. Be3 f6 11. exf6 Nxf6 12. Nbd2 cxd4 13. cxd4 Rc8 14. Qb3 Qd6 1/2-1/2

[Event "Skakligaen 2025-26"]
[Site "Denmark"]
[Date "2025.11.23"]
[Round "3.4"]
[White "Sorensen, Jan"]
[Black "Light, Bjarne"]
[Result "1/2-1/2"]
[WhiteElo "2367"]
[BlackElo "2225"]
[EventDate "2025.11.01"]
[EventType "team-tourn"]
[EventRounds "9"]
[EventCountry "DEN"]
[SourceTitle "Uffe Vinther-Schou"]
[WhiteTeam "Aarhus/Skolerne"]
[BlackTeam "Fredericia"]
[WhiteTeamCountry "DEN"]
[BlackTeamCountry "DEN"]

1. e4 c5 2. Nf3 e6 3. d4 cxd4 4. Nxd4 Nc6 5. Nc3 Qc7 6. Ncb5 Qb8 7. Bd3 a6 8. Nxc6 bxc6 9. Nd4 Bd6 10. Nf3 Ne7 11. O-O Ng6 12. Rb1 O-O 13. b4 Qc7 14. a4 Bb7 15. Be3 Rab8 16. Ba7 Ra8 17. Be3 Rab8 18. Ba7 Ra8 1/2-1/2

[Event "Skakligaen 2025-26"]
[Site "Denmark"]
[Date "2025.11.23"]
[Round "3.5"]
[White "Easwaralingam, Adesh"]
[Black "Christensen, Tobias Bent"]
[Result "1/2-1/2"]
[WhiteElo "2202"]
[BlackElo "2333"]
[EventDate "2025.11.01"]
[EventType "team-tourn"]
[EventRounds "9"]
[EventCountry "DEN"]
[SourceTitle "Uffe Vinther-Schou"]
[WhiteTeam "Fredericia"]
[BlackTeam "Aarhus/Skolerne"]
[WhiteTeamCountry "DEN"]
[BlackTeamCountry "DEN"]

1. e4 e6 2. d4 d5 3. Nd2 c5 4. Ngf3 Nf6 5. exd5 Qxd5 6. Bc4 Qd6 7. dxc5 Qxc5 8. O-O Nbd7 9. Bd3 Be7 10. Nc4 O-O 11. Bg5 h6 12. Bh4 b5 13. Na5 Qb6 14. Nb3 Bb7 15. a4 Bxf3 16. Qxf3 Ne5 17. Qe2 Nxd3 18. Qxd3 1/2-1/2

[Event "Skakligaen 2025-26"]
[Site "Denmark"]
[Date "2025.11.23"]
[Round "3.6"]
[White "Vinther Schou, Uffe"]
[Black "Friis, Carsten Bank"]
[Result "1-0"]
[WhiteElo "2289"]
[BlackElo "2146"]
[EventDate "2025.11.01"]
[EventType "team-tourn"]
[EventRounds "9"]
[EventCountry "DEN"]
[SourceTitle "Uffe Vinther-Schou"]
[WhiteTeam "Aarhus/Skolerne"]
[BlackTeam "Fredericia"]
[WhiteTeamCountry "DEN"]
[BlackTeamCountry "DEN"]

1. e4 c6 2. d4 d5 3. e5 Bf5 4. Nd2 e6 5. Nb3 Nd7 6. Nf3 Ne7 7. Be2 h6 8. O-O Qc7 9. a4 O-O-O 10. a5 Bh7 11. Bd2 f6 12. exf6 gxf6 13. c4 a6 14. Rc1 Be4 15. Re1 Rg8 16. Bf1 Ng6 17. g3 Kb8 18. Bc3 Qd6 19. Nbd2 Bf5 20. Qb3 Ka8 21. Bg2 h5 22. Nf1 h4 23. Ne3 Be4 24. Nc2 hxg3 25. hxg3 Nf4 26. Bb4 Bxc2 27. Bxd6 Bxb3 28. Bxf4 Bxc4 29. Rxe6 Bd3 30. Bh3 Rh8 31. Nh4 Bb4 32. Bc7 Rdg8 33. Kh2 Rc8 34. Bd6 Bxa5 35. Re7 Nb6 36. b4 Nc4 37. Bxc8 Nxd6 38. Bxb7+ Nxb7 39. bxa5 Bb5 40. Rce1 Nxa5 41. Kg2 Nb3 42. Nf5 a5 43. Rc7 Bd3 44. Re3 1-0

[Event "Skakligaen 2025-26"]
[Site "Denmark"]
[Date "2025.11.23"]
[Round "3.7"]
[White "Madsen, Michael Baehring"]
[Black "Pedersen, Finn"]
[Result "0-1"]
[WhiteElo "2033"]
[BlackElo "2266"]
[EventDate "2025.11.01"]
[EventType "team-tourn"]
[EventRounds "9"]
[EventCountry "DEN"]
[SourceTitle "Uffe Vinther-Schou"]
[WhiteTeam "Fredericia"]
[BlackTeam "Aarhus/Skolerne"]
[WhiteTeamCountry "DEN"]
[BlackTeamCountry "DEN"]

1. d4 d5 2. Nf3 c6 3. Bf4 Qb6 4. Qc1 Nf6 5. h3 Bf5 6. e3 e6 7. Nh4 Be4 8. f3 Bb4+ 9. c3 Bxb1 10. Rxb1 Be7 11. g4 Nh5 12. Ng2 Nxf4 13. Nxf4 Bh4+ 14. Kd1 Nd7 15. Nd3 O-O 16. f4 Be7 17. g5 c5 18. h4 f5 19. gxf6 Nxf6 20. Ne5 cxd4 21. exd4 Bd6 22. Bd3 Bxe5 23. fxe5 Ng4 24. Rg1 Nf2+ 25. Kc2 Nxd3 26. Qh6 Rf2+ 0-1

[Event "Skakligaen 2025-26"]
[Site "Denmark"]
[Date "2025.11.23"]
[Round "3.8"]
[White "Sobjerg, Erik"]
[Black "Marcussen, Claus"]
[Result "1-0"]
[WhiteElo "2231"]
[BlackElo "1781"]
[EventDate "2025.11.01"]
[EventType "team-tourn"]
[EventRounds "9"]
[EventCountry "DEN"]
[SourceTitle "Uffe Vinther-Schou"]
[WhiteTeam "Aarhus/Skolerne"]
[BlackTeam "Fredericia"]
[WhiteTeamCountry "DEN"]
[BlackTeamCountry "DEN"]

1. e4 e5 2. Bc4 Nc6 3. Nc3 Nf6 4. d3 d6 5. f4 g6 6. Nf3 Bg4 7. O-O Nd4 8. fxe5 Bxf3 9. Rxf3 Nxf3+ 10. Qxf3 dxe5 11. Bg5 Be7 12. Rf1 O-O 13. Bxf6 Bxf6 14. Qxf6 Qxf6 15. Rxf6 c6 16. g4 Kg7 17. Rf3 b5 18. Bb3 a5 19. a4 b4 20. Nd1 Rad8 21. Ne3 f6 22. Nc4 Ra8 23. Nd2 g5 24. Bc4 h5 25. gxh5 Rh8 26. Rh3 Kh6 27. Bf7 g4 28. Rg3 Kg5 29. h3 Kh4 30. Kh2 gxh3 31. Nf3# 1-0

[Event "Skakligaen 2025-26"]
[Site "Denmark"]
[Date "2025.11.23"]
[Round "3.1"]
[White "Hector, Jonny"]
[Black "Thybo, Jesper Sondergaard"]
[Result "1/2-1/2"]
[WhiteElo "2421"]
[BlackElo "2568"]
[EventDate "2025.11.01"]
[EventType "team-tourn"]
[EventRounds "9"]
[EventCountry "DEN"]
[SourceTitle "Holdskaksystemet"]
[WhiteTeam "Nordkalotten"]
[BlackTeam "Hillerod"]
[WhiteTeamCountry "DEN"]
[BlackTeamCountry "DEN"]

1. e4 e5 2. Nf3 Nc6 3. Bc4 Bc5 4. c3 Nf6 5. d4 exd4 6. cxd4 Bb4+ 7. Nbd2 Bxd2+ 8. Bxd2 Nxe4 9. d5 Ne7 10. Bc1 d6 11. Qd4 Nf6 12. Bg5 Ng6 13. O-O O-O 14. Rfd1 Bd7 15. Rac1 h6 16. Bxf6 Qxf6 17. Qxf6 gxf6 18. Nd4 Rac8 19. g3 Rfe8 20. Rc3 a6 21. Bf1 Ne7 22. Bg2 Nf5 23. Nc2 Kg7 24. h4 h5 25. Bf3 Kg6 26. Nb4 Bb5 27. Rd2 Nh6 28. Nc2 Ng4 29. b3 a5 30. a4 Ba6 31. Kg2 f5 32. Bd1 Nf6 33. f3 Re5 34. Ne3 b6 35. Bc2 Bb7 36. g4 hxg4 37. fxg4 Nxd5 38. Bxf5+ Kg7 39. Rxd5 Rce8 40. Rxc7 Bxd5+ 41. Nxd5 Rxd5 42. Kf3 Rc5 43. Rb7 Rc3+ 44. Kf4 Rxb3 45. h5 Ree3 46. Kg5 Rh3 47. Rd7 Rbg3 48. Rxd6 f6+ 49. Kf4 Rf3+ 50. Ke4 Re3+ 51. Kd5 Re5+ 52. Kc6 Rxf5 53. gxf5 Rxh5 54. Rd7+ Kh6 55. Kxb6 Rxf5 56. Ra7 Kg5 57. Rxa5 Rxa5 58. Kxa5 f5 59. Kb4 f4 60. Kc3 f3 61. Kd2 Kf4 62. Ke1 Ke5 63. Kf2 Kd5 64. Kxf3 1/2-1/2

[Event "Skakligaen 2025-26"]
[Site "Denmark"]
[Date "2025.11.23"]
[Round "3.2"]
[White "Hansen, Sune Berg"]
[Black "Jepson, Christian"]
[Result "1/2-1/2"]
[WhiteElo "2508"]
[BlackElo "2397"]
[EventDate "2025.11.01"]
[EventType "team-tourn"]
[EventRounds "9"]
[EventCountry "DEN"]
[SourceTitle "Holdskaksystemet"]
[WhiteTeam "Hillerod"]
[BlackTeam "Nordkalotten"]
[WhiteTeamCountry "DEN"]
[BlackTeamCountry "DEN"]

1. Nf3 d6 2. d4 Nf6 3. c4 g6 4. Nc3 Bf5 5. Qb3 b6 6. g3 Nc6 7. Bg2 Bg7 8. Qa4 Bd7 9. Qd1 a6 10. O-O O-O 11. h3 Rb8 12. a4 e5 13. e3 Re8 14. b3 Nb4 15. a5 bxa5 16. Rxa5 e4 17. Ne1 c6 18. Ra1 Qc8 19. Kh2 d5 20. Na4 Be6 21. cxd5 Bxd5 22. Bd2 h5 23. Nc3 Be6 24. Na4 Bd5 25. Nc3 Be6 26. Na4 1/2-1/2

[Event "Skakligaen 2025-26"]
[Site "Denmark"]
[Date "2025.11.23"]
[Round "3.3"]
[White "Brynell, Stellan"]
[Black "Schandorff, Lars"]
[Result "1/2-1/2"]
[WhiteElo "2367"]
[BlackElo "2463"]
[EventDate "2025.11.01"]
[EventType "team-tourn"]
[EventRounds "9"]
[EventCountry "DEN"]
[SourceTitle "Holdskaksystemet"]
[WhiteTeam "Nordkalotten"]
[BlackTeam "Hillerod"]
[WhiteTeamCountry "DEN"]
[BlackTeamCountry "DEN"]

1. d4 Nf6 2. Nf3 d5 3. c4 c6 4. cxd5 cxd5 5. Nc3 Nc6 6. Bf4 a6 7. Rc1 Bf5 8. e3 e6 9. Be2 Be7 10. h3 O-O 11. O-O Rc8 12. a3 Na5 13. Ne5 1/2-1/2

[Event "Skakligaen 2025-26"]
[Site "Denmark"]
[Date "2025.11.23"]
[Round "3.4"]
[White "Storme, Isak"]
[Black "Sylvan, Jacob"]
[Result "1-0"]
[WhiteElo "2434"]
[BlackElo "2302"]
[EventDate "2025.11.01"]
[EventType "team-tourn"]
[EventRounds "9"]
[EventCountry "DEN"]
[SourceTitle "Holdskaksystemet"]
[WhiteTeam "Hillerod"]
[BlackTeam "Nordkalotten"]
[WhiteTeamCountry "DEN"]
[BlackTeamCountry "DEN"]

1. d4 Nf6 2. c4 e6 3. Nf3 d5 4. g3 dxc4 5. Bg2 a6 6. O-O Nc6 7. Be3 Bd7 8. Qc1 b5 9. Ne5 Nd5 10. Nc3 Nxe5 11. dxe5 Bc6 12. b3 Be7 13. bxc4 bxc4 14. Rd1 O-O 15. Bf4 Nxc3 16. Qxc3 Qe8 17. Bxc6 Qxc6 18. Rd4 Qb6 19. Rxc4 c5 20. Be3 Rac8 21. Rc1 g6 22. Bxc5 Bxc5 23. Rxc5 Rxc5 24. Qxc5 Qb2 25. Rc2 Qb1+ 26. Kg2 Rd8 27. Qc3 Rd5 28. f3 Rd1 29. Rb2 Rg1+ 30. Kh3 Qf5+ 31. g4 Qf4 32. Qd2 Qxe5 33. Qd8+ Kg7 34. Rb8 Qf4 35. Qf8+ Kf6 36. Rb7 1-0

[Event "Skakligaen 2025-26"]
[Site "Denmark"]
[Date "2025.11.23"]
[Round "3.5"]
[White "Kristensen, Kaare Hove"]
[Black "Borge, Nikolaj"]
[Result "0-1"]
[WhiteElo "2283"]
[BlackElo "2378"]
[EventDate "2025.11.01"]
[EventType "team-tourn"]
[EventRounds "9"]
[EventCountry "DEN"]
[SourceTitle "Holdskaksystemet"]
[WhiteTeam "Nordkalotten"]
[BlackTeam "Hillerod"]
[WhiteTeamCountry "DEN"]
[BlackTeamCountry "DEN"]

1. d4 Nf6 2. Nf3 e6 3. c4 Bb4+ 4. Nc3 b6 5. g3 Ba6 6. Qb3 c5 7. a3 Ba5 8. Bg2 Nc6 9. dxc5 bxc5 10. O-O Rb8 11. Qa4 Bxc3 12. Qxa6 Ba5 13. Bd2 Rxb2 14. Rab1 Rb6 15. Rxb6 Qxb6 16. Qc8+ Qd8 17. Qa6 O-O 18. Rb1 Ne4 19. Bxa5 Qxa5 20. Qxa5 Nxa5 21. Ne5 Nc3 22. Rb2 d6 23. Nc6 Na4 24. Rc2 Nxc6 25. Bxc6 Nb6 26. e3 Rb8 27. a4 Kf8 28. Rb2 Ke7 29. a5 Nd7 30. Rb5 a6 31. Rb7 Rxb7 32. Bxb7 Nb8 33. h4 Kd7 34. g4 Kc7 35. Be4 g6 36. h5 Nc6 37. f4 Nxa5 38. f5 exf5 39. gxf5 Nxc4 40. fxg6 fxg6 41. Bxg6 h6 42. Kf2 Ne5 43. Kg3 Kd8 44. Bc2 Ke7 45. Kf4 Ke6 46. e4 Kf6 47. Bb1 a5 48. Bc2 Nc6 49. Ba4 Nd4 50. e5+ dxe5+ 51. Ke4 c4 0-1